<?xml version="1.0" encoding="UTF-8"?>
<collection xmlns="http://www.loc.gov/MARC21/slim">
 <record>
  <leader>00737ntm a2200181 i 4500</leader>
  <controlfield tag="001">misc55839</controlfield>
  <controlfield tag="005">20200511121801.0</controlfield>
  <controlfield tag="008">200511s1939    hu      o     0||   hun d</controlfield>
  <datafield tag="040" ind1=" " ind2=" ">
   <subfield code="a">SZTE Miscellanea Repozitórium</subfield>
   <subfield code="b">hun</subfield>
  </datafield>
  <datafield tag="041" ind1=" " ind2=" ">
   <subfield code="a">hun</subfield>
  </datafield>
  <datafield tag="245" ind1="0" ind2="0">
   <subfield code="a">Egy Szeged-környéki zárt lelet feldolgozása </subfield>
   <subfield code="h">[elektronikus dokumentum] :</subfield>
   <subfield code="b">Deszk-A-temető : jelige : Per aspera ad astra!&quot;</subfield>
  </datafield>
  <datafield tag="260" ind1=" " ind2=" ">
   <subfield code="c">1939</subfield>
  </datafield>
  <datafield tag="300" ind1=" " ind2=" ">
   <subfield code="a">128 lev.</subfield>
  </datafield>
  <datafield tag="650" ind1=" " ind2="4">
   <subfield code="a">Bölcsészettudományok</subfield>
  </datafield>
  <datafield tag="650" ind1=" " ind2="4">
   <subfield code="a">Történettudomány és régészet</subfield>
  </datafield>
  <datafield tag="650" ind1=" " ind2="4">
   <subfield code="a">Régészet</subfield>
  </datafield>
  <datafield tag="695" ind1=" " ind2=" ">
   <subfield code="a">Régészet - leletek - Magyarország - bronzkor - regionális, Temetkezési szokások - magyar, Deszk</subfield>
  </datafield>
  <datafield tag="856" ind1="4" ind2="0">
   <subfield code="u">http://misc.bibl.u-szeged.hu/55839/1/misc_1939_egy_szeged_kornyeki.pdf</subfield>
   <subfield code="z">Dokumentum-elérés </subfield>
  </datafield>
 </record>
</collection>
